Blockchain v podnikaní

Výsledky prieskumu zamerané na zavádzanie technológie blockchain v podnikaní na Slovensku. Výsledky ukazujú, že väčšina firiem ešte nezačala do technológie investovať, považuje ju ale za bezpečnejšiu ako tradičné technológie. Zavádzanie je zatiaľ v počiatočnom štádiu.

Enregistré dans:
Détails bibliographiques
Format: Chapitre de livre
Langue:slovaque
Sujets:
Tags: Ajouter un tag
Pas de tags, Soyez le premier à ajouter un tag!

MARC

LEADER 00000naa a2200000 4500
001 0256279
005 20190620095928.3
041 0 |a slo 
044 |a SK 
245 1 0 |a Blockchain v podnikaní 
520 |a Výsledky prieskumu zamerané na zavádzanie technológie blockchain v podnikaní na Slovensku. Výsledky ukazujú, že väčšina firiem ešte nezačala do technológie investovať, považuje ju ale za bezpečnejšiu ako tradičné technológie. Zavádzanie je zatiaľ v počiatočnom štádiu. 
610 2 0 |a technológie informačné 
610 2 0 |a technológie komunikačné 
610 2 0 |a technológie nové 
610 2 0 |a podnikanie